Statistics for Top Scorers in European Top 5 Leagues Since 1995

Click here to take the quiz!

General Stats

  • This quiz has been taken 63 times
  • The average score is 83 of 165

Answer Stats

SeasonTop scorerGoals% Correct
2007/08Cristiano Ronaldo31
100%
2013/14Cristiano Ronaldo31
100%
2020/21Cristiano Ronaldo29
100%
2010/11Cristiano Ronaldo40
100%
2014/15Cristiano Ronaldo48
100%
1996/97Ronaldo37
100%
2003/04Ronaldo24
100%
2022/23Erling Haaland36
98%
2020/21Lionel Messi30
98%
2019/20Lionel Messi25
98%
2018/19Lionel Messi36
98%
2017/18Lionel Messi34
98%
2016/17Lionel Messi37
98%
2011/12Lionel Messi50
98%
2012/13Lionel Messi46
98%
2009/10Lionel Messi34
98%
2013/14Robert Lewandowski20
98%
2021/22Robert Lewandowski35
98%
2020/21Robert Lewandowski41
98%
2019/20Robert Lewandowski34
98%
2022/23Robert Lewandowski23
98%
2018/19Robert Lewandowski22
98%
2017/18Robert Lewandowski29
98%
2015/16Robert Lewandowski30
98%
2022/23Kylian Mbappé34
96%
2020/21Kylian Mbappé31
96%
2021/22Kylian Mbappé35
96%
2019/20Kylian Mbappé18
96%
2018/19Kylian Mbappé33
96%
2016/17Harry Kane29
94%
2020/21Harry Kane23
94%
2015/16Harry Kane25
94%
2015/16Luis Suárez40
94%
2013/14Luis Suarez31
94%
2017/18Mohamed Salah32
91%
2018/19Mohamed Salah22
91%
2021/22Mohamed Salah23
91%
2001/02Thierry Henry24
89%
2003/04Thierry Henry30
89%
2004/05Thierry Henry25
89%
2005/06Thierry Henry27
89%
2014/15Sergio Agüero26
83%
2018/19Sadio Mané22
81%
2008/09Zlatan Ibrahimović25
81%
2011/12Zlatan Ibrahimović28
81%
2012/13Zlatan Ibrahimović30
81%
2013/14Zlatan Ibrahimović26
81%
2015/16Zlatan Ibrahimović38
81%
2006/07Didier Drogba20
79%
2009/10Didier Drogba29
79%
2021/22Karim Benzema27
79%
2007/08Karim Benzema20
79%
2018/19Pierre-Emerick Aubameyang22
77%
2016/17Pierre-Emerick Aubameyang31
77%
2011/12Robin van Persie30
77%
2012/13Robin van Persie26
77%
1995/96Alan Shearer31
74%
1994/95Alan Shearer34
74%
1996/97Alan Shearer25
74%
2012/13Edinson Cavani29
74%
2017/18Edinson Cavani28
74%
2016/17Edinson Cavani35
74%
2019/20Jamie Vardy23
74%
2021/22Son Heung-min23
74%
2000/01Raúl24
66%
1998/99Raúl25
66%
2006/07Ruud van Nistelrooy25
66%
2002/03Ruud van Nistelrooy25
66%
2013/14Ciro Immobile22
64%
2017/18Ciro Immobile29
64%
2019/20Ciro Immobile36
64%
2021/22Ciro Immobile27
64%
2016/17Edin Džeko29
62%
2009/10Edin Džeko22
62%
2005/06Samuel Eto'o26
57%
2022/23Victor Osimhen26
57%
2015/16Gonzalo Higuaín36
55%
2005/06Miroslav Klose25
55%
2011/12Olivier Giroud21
55%
2007/08Alessandro Del Piero21
53%
2010/11Mario Gómez28
51%
1998/99Michael Owen18
51%
1997/98Michael Owen18
51%
1999/00Andriy Shevchenko24
47%
2003/04Andriy Shevchenko24
47%
2019/20Wissam Ben Yedder18
45%
1996/97Filippo Inzaghi24
43%
2006/07Francesco Totti26
43%
2010/11Carlos Tevez20
40%
1998/99Dwight Yorke18
40%
2008/09Diego Forlán32
38%
2004/05Diego Forlán25
38%
2010/11Dimitar Berbatov20
38%
2017/18Mauro Icardi29
38%
2014/15Mauro Icardi22
38%
2022/23Niclas Füllkrug16
38%
2000/01Hernán Crespo26
36%
2008/09Nicolas Anelka19
36%
2014/15Alexandre Lacazette27
34%
2002/03Christian Vieri24
34%
1997/98Christian Vieri24
34%
2009/10Antonio Di Natale29
32%
2010/11Antonio Di Natale28
32%
2005/06Luca Toni31
32%
2007/08Luca Toni24
32%
2014/15Luca Toni22
32%
2001/02David Trezeguet24
30%
2018/19Fabio Quagliarella26
30%
1998/99Jimmy Floyd Hasselbaink18
28%
2000/01Jimmy Floyd Hasselbaink23
28%
2022/23Christopher Nkunku16
26%
1994/95Gabriel Batistuta26
26%
2008/09Grafite28
26%
1999/00Kevin Phillips30
21%
2011/12Klaas-Jan Huntelaar29
21%
2002/03Roy Makaay29
21%
2006/07Pauleta15
19%
2005/06Pauleta21
19%
2001/02Pauleta22
19%
2002/03Giovane Élber21
17%
1997/98Oliver Bierhoff27
17%
2014/15Alexander Meier19
15%
2003/04Djibril Cissé26
15%
2001/02Djibril Cissé22
15%
1997/98Chris Sutton18
13%
1997/98Dion Dublin18
13%
2011/12Nenê21
13%
2008/09André-Pierre Gignac24
11%
2007/08Dani Güiza27
11%
2009/10Mamadou Niang18
11%
2000/01Sonny Anderson22
11%
1995/96Sonny Anderson21
11%
1999/00Sonny Anderson23
11%
2012/13Stefan Kießling25
11%
2001/02Diego Tristán21
9%
1994/95Iván Zamorano27
9%
2010/11Moussa Sow25
9%
1996/97Stéphane Guivarc'h21
9%
1997/98Stéphane Guivarc'h21
9%
2004/05Alexander Frei20
6%
2000/01Ebbe Sand22
6%
2004/05Marek Mintál24
6%
1998/99Sylvain Wiltord22
6%
2004/05Cristiano Lucarelli24
4%
1995/96Fredi Bobič17
4%
1995/96Juan Antonio Pizzi31
4%
1998/99Márcio Amoroso22
4%
2001/02Márcio Amoroso18
4%
2001/02Martin Max18
4%
1999/00Martin Max19
4%
2006/07Theofanis Gekas20
4%
2003/04Aílton28
2%
1999/00Salva Ballesta27
2%
2000/01Sergej Barbarez22
2%
2002/03Shabani Nonda26
2%
2002/03Thomas Christiansen21
2%
1997/98Ulf Kirsten22
2%
1996/97Ulf Kirsten22
2%
2001/02Dario Hübner24
0%
1995/96Giussepe Signori24
0%
1994/95Heiko Herrlich20
0%
1995/96Igor Protti24
0%
1994/95Mario Basler20
0%
1998/99Michael Preetz23
0%
1994/95Patrice Loko22
0%

Score Distribution

Percentile by Number Answered

Percent of People with Each Score

Your Score History

You have not taken this quiz